| 000 | 01558cam a2200337 i 4500 | ||
|---|---|---|---|
| 999 |
_c1866 _d1866 |
||
| 001 | 18926327 | ||
| 003 | OSt | ||
| 005 | 20230213111124.0 | ||
| 008 | 160105s2017 mnua j b 001 0 eng | ||
| 010 | _a 2015049416 | ||
| 020 | _a9781515717935 (paperback) | ||
| 040 |
_aDLC _beng _cDLC _erda _dDLC _dKH8 |
||
| 042 | _apcc | ||
| 082 | 0 | 0 |
_a551.55 BAK _223 |
| 100 | 1 |
_aBaker, John R. _q(John Ronald), _d1989- |
|
| 245 | 1 | 4 |
_aThe world's worst hurricanes / _cby John R. Baker. |
| 264 | 1 |
_aMankato, Minnesota : _bCapstone Press, _c2017. |
|
| 300 |
_a32 pages : _bcolor illustrations ; _c24 cm |
||
| 336 |
_atext _btxt _2rdacontent |
||
| 337 |
_aunmediated _bn _2rdamedia |
||
| 338 |
_avolume _bnc _2rdacarrier |
||
| 490 | 0 | _aBlazers. T he world's worst natural disasters | |
| 504 | _aIncludes bibliographical references and index. | ||
| 505 | 0 | _aAwesome power -- Hurricane Andrew -- Disaster in Galveston -- The Great Hurricane of 1780 -- History's deadliest storm -- A record-setting storm -- Hurricane Katrina -- Hurricane Camille -- Super Typhoon Nina -- Hurricane Donna -- Mighty Mitch -- Superstorm Sandy -- Surviving hurricanes. | |
| 520 |
_a"Describes history's biggest and most destructive hurricanes from around the world"-- _cProvided by publisher. |
||
| 521 | 2 | _aGrades 4 to 6. | |
| 650 | 0 |
_aHurricanes _xHistory _vJuvenile literature. |
|
| 906 |
_a7 _bcbc _corignew _d1 _eecip _f20 _gy-gencatlg |
||
| 942 |
_2ddc _cNFIC |
||